| 000 | 00402nam a22001457a 4500 | ||
|---|---|---|---|
| 003 | LK-CoDNM | ||
| 005 | 20240919145123.0 | ||
| 008 | 240820b |||||||| |||| 00| 0 eng d | ||
| 040 |
_aLK-CoDNM _dLK-CoDNM _eLK-CoDNM |
||
| 080 | _bGP1955-Vol.LVII | ||
| 245 | _aThe new law reports - 1955 - 1956 vol lvii | ||
| 260 |
_aColombo _bGovernment printers _c1955 |
||
| 300 | _blxx, 576p. ; 24 cm | ||
| 942 | _cBK | ||
| 999 |
_c148309 _d148309 |
||